=LDR 00000nam 2200000 4500 =001 INLIS000000000027056 =005 20130612125448 =008 ***********************************Ind** =035 ##$$0010-061300000027056 =041 ##$$a Ind =082 ##$$a 615.8 =090 ##$$a 615.8, Wal p =100 ##$$a Waluya, Bisma Raga =245 ##$$a Pengetahuan dasar pijat refleksi, Risma Raga Waluya =260 ##$$a 2001 $b Bandung =300 ##$$a 132 hlm, ilus, 21 cm =650 ##$$a Pijat =850 ##$$a NBPNMAT